Hiroshima / (Record no. 155195)

MARC details
000 -CABECERA
campo de control de longitud fija 00563nam a2200193 u 4500
005 - FECHA Y HORA DE LA ÚLTIMA TRANSACCIÓN
campo de control 20240910063836.0
008 - ELEMENTOS DE LONGITUD FIJA--INFORMACIÓN GENERAL
campo de control de longitud fija 120125s2005 ea r 000 0 spa d
020 ## - NÚMERO INTERNACIONAL NORMALIZADO PARA LIBROS
Número Internacional Estándar del Libro 0439769620
035 ## - NÚMERO DE CONTROL DEL SISTEMA
Número de control de sistema UPN01000183092
049 ## - COLECCIÓN
Colección I
050 #4 - SIGNATURA TOPOGRÁFICA DE LA BIBLIOTECA DEL CONGRESO
Número de clasificación PS3575 E6
Número de documento/Ítem H5.7
100 1# - ASIENTO PRINCIPAL--NOMBRE PERSONAL
Nombre de persona Yep, Laurence,
Fechas asociadas al nombre 1948-
9 (RLIN) 31941
245 10 - MENCIÓN DE TÍTULO
Título Hiroshima /
Mención de responsabilidad, etc. Laurence Yep ; tr. Jorge Ignacio Domínguez.
260 ## - PUBLICACIÓN, DISTRIBUCIÓN, ETC.
Lugar de publicación, distribución, etc. New York :
Nombre del editor, distribuidor, etc. Scholastic,
Fecha de publicación, distribución, etc. c2005.
300 ## - DESCRIPCIÓN FÍSICA
Extensión 55 p.
534 ## - NOTA SOBRE LA VERSIÓN ORIGINAL
Frase introductoria Título original:
Mención de edición del original Hiroshima
650 #4 - ASIENTO SECUNDARIO DE MATERIA - TERMINO TEMATICO
Término de materia o nombre geográfico como elemento de entrada Literatura juvenil estadounidense
9 (RLIN) 12776
905 ## - TIPO DE MATERIAL
Tipo de material Infantil
Holdings
Estado de retiro Estado de pérdida Fuente del sistema de clasificación o colocación Estado dañado No para préstamo Código de colección Localización permanente Ubicación/localización actual Ubicación en estantería Fecha de adquisición Total de préstamos Clasificación Código de barras Fecha visto por última vez Número de copia Tipo de ítem Koha
    Library of Congress Classification     Infantil Bib. Gregorio Torres Quintero Bib. Gregorio Torres Quintero Sala infantil Planta baja 10/05/2023 2 PS3575 E6 H5.7 279702 31/12/2020 1 Libro